000 00315nam a2200133Ia 4500
020 _a9781422196311
082 _a31
_bOCO
100 _aOCONNELL, Andrew
245 0 _aStats & curiosities
260 _aBoston
_bHarvard Business School publishing
_c2013
500 _aSmall box
650 _aStatistics
942 _cBK
999 _c43171
_d43171